00790 2200205 4500245006600000020002200066250001100088100001900099700001500118650001400133650001700147650002000164005001900184260004400203041001400247084001000261300002500271500027900296336000900575 aPancasila b : Dasar & Ideologi NegaracNanda PurwandahText a978-979-056-077-2 aCet. 1 aNanda Purwanda aRachmawati aPancasila aDasar Negara aIdeologi Negara a20240506100433 aJakartabIntimedia Ciptanusantarac2012 aIndonesia a320.5 avi, 59 hlm. :cilus. aPancasila sebagai dasar dan ideologi negara merupakan kesepakatan politik para founding fathers ketika negara Indonesia didirikan. Namun dalam perjalanan panjang kehidupan berbangsa dan bernegara, Pancasila sering mengalami berbagai deviasi dalam aktualisasi nilai-nilainya. atext